00654cam a22001931i 4500001001300000003000400013005001700017008004100034010001700075040001800092050001600110100005300126245012300179260004300302300002000345651004000365650003800405999001700443tmp96031105 DLC20260227112757.0120918s1916 nyu 000 0 eng  atmp96031105  aDLCcDLCdDLC00aHC106b.V341 aVanderlip, Frank A.q(Frank Arthur),d1864-1937.12aA country with an opportunity :ban address before the Bankers' Club of Chicago, December 16, 1916 /cF. A. Vanderlip. aNew York :bNational City Bank,c1916. a23 p. ;c23 cm. 0aUnited StatesxEconomic conditions. 0aBanks and bankingzUnited States. c91286d91286